Reflections on Dr. Swift's letter, (1712).

Bibliographic Details
Main Author: Oldmixon, Mr. (John), 1673-1742
Format: Book
Language:English
Published: Menston : Scolar P., 1970.
Series:English linguistics, 1500-1800--a collection of facsimile reprints ; no. 254.
Subjects:

MARC

Tag First Indicator Second Indicator Subfields
LEADER 00000cam a2200000 4500
001 in00000210495
005 20151009054829.0
008 710722r19701712enk 00000 eng
010 |a  74575468  
015 |a B70-27004 
020 |a 085417379X 
035 |a (OCoLC)00153158 
035 |9 AAW9104AM 
040 |a DLC  |c DLC  |d TXA  |d UtOrBLW 
049 |a TXAM  |c [1142571] 
050 0 0 |a PE1073.S93  |b O4 1712a 
082 0 |a 420 
100 1 |a Oldmixon,  |c Mr.  |q (John),  |d 1673-1742. 
245 1 0 |a Reflections on Dr. Swift's letter, (1712). 
264 1 |a Menston :  |b Scolar P.,  |c 1970. 
300 |a 9 unnumbered pages, 35 pages ;  |c 23 cm. 
336 |a text  |b txt  |2 rdacontent 
337 |a unmediated  |b n  |2 rdamedia 
338 |a volume  |b nc  |2 rdacarrier 
490 1 |a English linguistics, 1500-1800: a collection of facsimile reprints,  |v no. 254 
500 |a "A Scolar Press facsimile." 
500 |a Facsimile reprint of 1st edition, London, Sold by A. Baldwin, 1712. 
600 1 0 |a Swift, Jonathan,  |d 1667-1745.  |t Proposal for correcting, improving and ascertaining the English tongue. 
650 0 |a English language. 
830 0 |a English linguistics, 1500-1800--a collection of facsimile reprints ;  |v no. 254. 
999 |a MARS 
999 f f |s f2c97691-5b03-3344-89bb-7d042eadb955  |i a411f817-1912-3e3c-b74e-fd77aeeab8f4  |t 0 
952 f f |p ric  |a Texas A&M University  |b Rellis Campus  |c Joint Library Facility  |s JLF  |d Remote Storage  |t 0  |e PE1073.S93 O4 1712a  |h Library of Congress classification  |i unmediated -- volume  |m A14803580886 
998 f f |a PE1073.S93 O4 1712a  |t 0  |l Remote Storage